Principles of services marketing
Enregistré dans:
| Auteur principal: | |
|---|---|
| Format: | Livre |
| Langue: | Undetermined |
| Publié: |
London, UK.
McGraw-Hill
2005
|
| Sujets: | |
| Tags: |
Ajouter un tag
Pas de tags, Soyez le premier à ajouter un tag!
|
| Thư viện lưu trữ: | Trung tâm Học liệu Trường Đại học Cần Thơ |
|---|
| LEADER | 00540nam a2200205Ia 4500 | ||
|---|---|---|---|
| 001 | CTU_106082 | ||
| 008 | 210402s9999 xx 000 0 und d | ||
| 020 | |c 1026345 | ||
| 082 | |a 658.8 | ||
| 082 | |b P173 | ||
| 100 | |a Palmer, Adrian | ||
| 245 | 0 | |a Principles of services marketing | |
| 245 | 0 | |c Adrian Palmer | |
| 260 | |a London, UK. | ||
| 260 | |b McGraw-Hill | ||
| 260 | |c 2005 | ||
| 650 | |a Service industries | ||
| 650 | |x Marketing | ||
| 904 | |i Minh (Nguyên sửa) | ||
| 980 | |a Trung tâm Học liệu Trường Đại học Cần Thơ | ||